Southville International School and Colleges
Your cart is empty.
  • Cart
  • Lists
    Public lists Eva Luna New books Lux_list list_1
    Your lists Log in to create your own lists
  • Log in to your account
  • Your cookies
  • Search history
Southville International School and Colleges
  • Advanced search
  • Recent comments
  • Most popular
  • Libraries

Log in to your account

Log in with GOOGLE


If you do not have an external account, but do have a local account, you can still log in:

  1. Home
  2. MARC view: The forgetting room :
Normal view MARC view ISBD view

The forgetting room : (Record no. 9201)

[ view plain ]
MARC details
000 -LEADER
fixed length control field 00826cam a2200265 a 4500
001 - CONTROL NUMBER
control field 1165197
003 - CONTROL NUMBER IDENTIFIER
control field SISC
005 - DATE AND TIME OF LATEST TRANSACTION
control field 20160302131044.0
008 - FIXED-LENGTH DATA ELEMENTS--GENERAL INFORMATION
fixed length control field 961122s1997 nyuab 000 1 eng
010 ## - LIBRARY OF CONGRESS CONTROL NUMBER
LC control number 96051665
020 ## - INTERNATIONAL STANDARD BOOK NUMBER
International Standard Book Number 0002251760
040 ## - CATALOGING SOURCE
Original cataloging agency DLC
Transcribing agency DLC
Modifying agency DLC
050 00 - LIBRARY OF CONGRESS CALL NUMBER
Classification number PR 6052.A54
Item number .B219 1997
082 00 - DEWEY DECIMAL CLASSIFICATION NUMBER
Classification number HS 823.914
Item number B22 1997
100 1# - MAIN ENTRY--PERSONAL NAME
Personal name Bantock, Nick.
9 (RLIN) 12805
245 14 - TITLE STATEMENT
Title The forgetting room :
Remainder of title a fiction /
Statement of responsibility, etc Nick Bantock.
250 ## - EDITION STATEMENT
Edition statement 1st ed.
260 ## - PUBLICATION, DISTRIBUTION, ETC. (IMPRINT)
Place of publication, distribution, etc New York, NY :
Name of publisher, distributor, etc Collins Publishers,
Date of publication, distribution, etc c1997.
300 ## - PHYSICAL DESCRIPTION
Extent 105 p. :
Other physical details ill. (some col.) ;
Dimensions 24 cm.
440 #2 - SERIES STATEMENT/ADDED ENTRY--TITLE
Title A Byzantium book
9 (RLIN) 12806
906 ## - LOCAL DATA ELEMENT F, LDF (RLIN)
a 7
b cbc
c orignew
d 1
e ocip
f 19
g y-gencatlg
942 ## - ADDED ENTRY ELEMENTS (KOHA)
Source of classification or shelving scheme Library of Congress Classification
Koha item type Books
Holdings
Withdrawn status Lost status Source of classification or shelving scheme Damaged status Home library Current library Shelving location Date acquired Total Checkouts Full call number Barcode Date last seen Copy number Price effective from Koha item type
    Library of Congress Classification   Luxembourg Library Luxembourg Library High School Section 08/23/2013   PR 6052.A54 .B219 1997 9146 08/23/2013 1 08/23/2013 Books

The forgetting room :

APA

Bantock N., . (1997). The forgetting room. New York, NY: Collins Publishers.

Chicago

Bantock Nick, . 1997. The forgetting room. New York, NY: Collins Publishers.

Harvard

Bantock N., . (1997). The forgetting room. New York, NY: Collins Publishers.

MLA

Bantock Nick, . The forgetting room. New York, NY: Collins Publishers. 1997.

  • Place hold
  • Print
  • Cite
  • Add to your cart (remove)
  • Save record
    BIBTEX Dublin Core MARCXML MARC (non-Unicode/MARC-8) MARC (Unicode/UTF-8) MARC (Unicode/UTF-8, Standard) MODS (XML) RIS
  • More searches
    Search for this title in:
    Other Libraries (WorldCat) Other Databases (Google Scholar) Online Stores (Bookfinder.com) Open Library (openlibrary.org)

Exporting to Dublin Core...

SOUTHVILLE LIBRARY

Southville International School and Colleges Library

1281 Tropical Ave. Cor. Luxembourg St., BF Homes International, Las Pinas City

Tel. No. 8256374 / 252358 Loc. 117/146

Powered by Koha